Introducción al Estudio del derecho (Registro nro. 6032)

Detalles MARC
000 -Cabecera
Campo de control de longitud fija 00566ata a2200217 4500
005 - Fecha y hora de la última transacción
Campo de control 20250819134831.0
008 - Elementos de longitud fija--Información general
Campo de control de longitud fija 150526b1993 xxu||||| |||| 00| 0 spa d
020 ## - International Standard Book Number
Número Internacional Estándar del Libro (ISBN) 9789684325525
041 ## - Idioma
Código de idioma Español
082 ## - Clasificación Decimal Dewey
Número de clasificación 340 V762i
100 ## - Entrada principal--Autor personal
Nombre personal Villoro Toranzo, Miguel
9 (RLIN) 35041
245 ## - Título propiamente dicho
Título Introducción al Estudio del derecho
260 ## - Pie de imprenta
Lugar de publicación, distribución, etc. México
260 ## - Pie de imprenta
Nombre del editor, distribuidor, etc. Editorial Porrúa
260 ## - Pie de imprenta
Fecha de publicación, distribución, etc. 1993
300 ## - Descripción física
Extensión 506 páginas
490 ## - Serie
Título de la Serie Dirección y Administración de Empresas
490 ## - Serie
Título de la Serie Investigación Criminal
650 ## - Materia general
Temática (materia general) DERECHO
942 ## - Punto de acceso adicional KOHA
Tipo de ítem KOHA Libro
Fuente del sistema de clasificación o colocación Dewey Decimal Classification
Existencias
Signatura completa Código de barras Programa Académico Tipo de ítem
340 V762i 335   Libro
340 V762i 333   Libro